مكتبة جامعة عجلون الوطنية

فهرس بحث المكتبة

Normal view MARC view
  • الشمري، مايح شبيب، م. مشارك عدنان داود العذاري، م.مشارك حسن كريم حمزة

Entry Personal Name

Number of records used in: 1

001 - CONTROL NUMBER

  • control field: 61540

003 - CONTROL NUMBER IDENTIFIER

  • control field: JO-AjAnu

005 - DATE AND TIME OF LATEST TRANSACTION

  • control field: 20230606084045.0

008 - FIXED-LENGTH DATA ELEMENTS

  • fixed length control field: 230606|| aca||aabn | a|a d

040 ## - CATALOGING SOURCE

  • Original cataloging agency: JO-AjAnu
  • Transcribing agency: JO-AjAnu

100 ## - HEADING--PERSONAL NAME

  • Personal name: الشمري، مايح شبيب، م. مشارك عدنان داود العذاري، م.مشارك حسن كريم حمزة

670 ## - SOURCE DATA FOUND

  • Source citation: Work cat.: (JO-AjAnu)31390: الشمري، مايح شبيب، م. مشارك عدنان داود العذاري، م.مشارك حسن كريم حمزة, author, اقتصاد المعرفة والاسس النظرية للذكاء الاقتصادي والنانوتكنولوجي